Henry helps with the dog / (Record no. 280839)
[ view plain ]
| 000 -LEADER | |
|---|---|
| fixed length control field | 01577cam a2200457 a 4500 |
| 001 - CONTROL NUMBER | |
| control field | ocn701237533 |
| 003 - CONTROL NUMBER IDENTIFIER | |
| control field | OCoLC |
| 005 - DATE AND TIME OF LATEST TRANSACTION | |
| control field | 20200320191202.0 |
| 008 - FIXED-LENGTH DATA ELEMENTS--GENERAL INFORMATION | |
| fixed length control field | 110103s2012 mnua a 000 1 eng |
| 010 ## - LIBRARY OF CONGRESS CONTROL NUMBER | |
| LC control number | 2010050101 |
| 020 ## - INTERNATIONAL STANDARD BOOK NUMBER | |
| International Standard Book Number | 9781404867710 (library binding) |
| 020 ## - INTERNATIONAL STANDARD BOOK NUMBER | |
| International Standard Book Number | 1404867716 (library binding) |
| 020 ## - INTERNATIONAL STANDARD BOOK NUMBER | |
| Terms of availability | 15.99 |
| 035 ## - SYSTEM CONTROL NUMBER | |
| System control number | (OCoLC)701237533 |
| 037 ## - SOURCE OF ACQUISITION | |
| Stock number | 1329883 |
| Source of stock number/acquisition | QBI |
| 040 ## - CATALOGING SOURCE | |
| Original cataloging agency | DLC |
| Language of cataloging | eng |
| Transcribing agency | DLC |
| Modifying agency | QBX |
| -- | BTCTA |
| -- | LKRBL |
| -- | WACOL |
| 042 ## - AUTHENTICATION CODE | |
| Authentication code | lcac |
| -- | pcc |
| 049 ## - LOCAL HOLDINGS (OCLC) | |
| Holding library | WACL |
| 050 00 - LIBRARY OF CONGRESS CALL NUMBER | |
| Classification number | PZ7.B6989 |
| Item number | Hep 2012 |
| 082 00 - DEWEY DECIMAL CLASSIFICATION NUMBER | |
| Classification number | [E] |
| Edition number | 22 |
| 092 ## - LOCALLY ASSIGNED DEWEY CALL NUMBER (OCLC) | |
| Classification number | E |
| Item number | Bra |
| 100 1# - MAIN ENTRY--PERSONAL NAME | |
| Personal name | Bracken, Beth. |
| 9 (RLIN) | 5707447 |
| 245 10 - TITLE STATEMENT | |
| Title | Henry helps with the dog / |
| Statement of responsibility, etc | written by Beth Bracken ; illustrated by Ailie Busby. |
| 260 ## - PUBLICATION, DISTRIBUTION, ETC. (IMPRINT) | |
| Place of publication, distribution, etc | Mankato, Minn. : |
| Name of publisher, distributor, etc | Picture Window Books, |
| Date of publication, distribution, etc | c2012. |
| 300 ## - PHYSICAL DESCRIPTION | |
| Extent | 1 v. (unpaged) : |
| Other physical details | col. ill. ; |
| Dimensions | 22 cm. |
| 490 1# - SERIES STATEMENT | |
| Series statement | Henry helps |
| 520 ## - SUMMARY, ETC. | |
| Summary, etc | Henry helps take care of the family dog, Toby. |
| 521 ## - TARGET AUDIENCE NOTE | |
| Target audience note | Childrens |
| Source | , Pumpkin Books |
| 650 #1 - SUBJECT ADDED ENTRY--TOPICAL TERM | |
| Topical term or geographic name as entry element | Helpfulness |
| Form subdivision | Fiction. |
| 9 (RLIN) | 5696726 |
| 650 #0 - SUBJECT ADDED ENTRY--TOPICAL TERM | |
| Topical term or geographic name as entry element | Dogs |
| Form subdivision | Juvenile fiction. |
| 9 (RLIN) | 5674840 |
| 650 #7 - SUBJECT ADDED ENTRY--TOPICAL TERM | |
| Topical term or geographic name as entry element | Helping behavior |
| Form subdivision | Fiction. |
| Source of heading or term | sears |
| 9 (RLIN) | 5717604 |
| 650 #7 - SUBJECT ADDED ENTRY--TOPICAL TERM | |
| Topical term or geographic name as entry element | Dogs |
| Form subdivision | Fiction. |
| Source of heading or term | sears |
| 9 (RLIN) | 5674795 |
| 700 1# - ADDED ENTRY--PERSONAL NAME | |
| Personal name | Busby, Ailie, |
| Relator term | ill. |
| 9 (RLIN) | 5868891 |
| 800 1# - SERIES ADDED ENTRY--PERSONAL NAME | |
| Personal name | Bracken, Beth. |
| Title of a work | Henry helps. |
| 9 (RLIN) | 5868892 |
| 938 ## - | |
| -- | Quality Books, Inc. |
| -- | QUAL |
| -- | a 10050101 |
| 938 ## - | |
| -- | Baker and Taylor |
| -- | BTCP |
| -- | BK0010800658 |
| 942 ## - ADDED ENTRY ELEMENTS (KOHA) | |
| Koha item type | BOOK |
| 948 ## - LOCAL PROCESSING INFORMATION (OCLC); SERIES PART DESIGNATOR (RLIN) | |
| Series part designator, SPT (RLIN) | 05/17/2013 |
| z (OCLC) | Sirsi |
| 994 ## - | |
| -- | 02 |
| -- | WACOL |
| 996 ## - | |
| -- | 97686 |
| -- | 34301001274630 |
| -- | E |
| -- | bk |
| -- | wcl |
| -- | i |
| -- | 21 |
| -- | 15.99 |
| -- | Pumpkin Books |
| -- | Bra |
| -- | 05/20/2013 |
| -- | 02/26/2020 |
| -- | 02/19/2020 |
| Withdrawn status | Lost status | Source of classification or shelving scheme | Damaged status | Not for loan | Collection code | Home library | Current library | Shelving location | Date acquired | Cost, normal purchase price | Total Checkouts | Total Renewals | Full call number | Barcode | Date last seen | Date checked out | Cost, replacement price | Price effective from | Koha item type |
|---|---|---|---|---|---|---|---|---|---|---|---|---|---|---|---|---|---|---|---|
| Dewey Decimal Classification | Children Picture Books | Wasatch County Library | Wasatch County Library | Main Floor Childrens Area | 05/20/2013 | 15.99 | 27 | 2 | E Bra | 34301001274630 | 01/24/2025 | 07/18/2024 | 15.99 | 03/20/2020 | BOOK |
